Chanteurs et chanteuses avec initiales communes - Statistiques

Statistiques générales
  • Ce quiz a été pris 130 fois
  • Le résultat moyen est 9 sur 20
Statistiques - réponses
Définition Star % Correct
"Je vous parle d'un temps Que les moins de vingt ans Ne peuvent pas connaître" Charles Aznavour
88%
La maladie d'amour ou encore Les Lacs du Connemara Michel Sardou
76%
All I want for Christmas Is You Mariah Carey
72%
L'une de ses plus célèbres chansons commence par "Non, rien de rien" Edith Piaf
71%
Baby One more Time, Gimme More sont des titres de sa discographie Britney Spears
66%
Rehab et Back to Black sont des chansons de cette artiste morte d'une overdose Amy Winehouse
62%
Il a chanté Je t'aime moi non plus avec Brigitte Bardot puis Jane Birkin Serge Gainsbourg
60%
Cette ancienne partenaire de Justin Bieber chante Love You Like a Love Song Selena Gomez
55%
Me gusta la moto, me gustas tu Manu Chao
54%
"Mon mec à moi il me parle d'aventures - Et quand elles brillent dans ses yeux" Patricia Kaas
50%
Elle chante Requiem pour un fou avec Johnny Hallyday Lara Fabian
44%
Son titre Cruel Summer a plus de 250 millions de vues sur Youtube Taylor Swift
42%
Ce DJ à crée Love Generation ainsi que Sound of Freedom Bob Sinclar
41%
Quiero respirar tu cuello despacito,Deja que te diga cosas al oído Para que te acuerdes si no estás conmigo Luis Fonsi
34%
Ce rappeur américain a sorti ASTROWORLD certifié 4 fois platine Travis Scott
34%
Cette américaine a fait un feat avec Marron 5 sur Moves Like Jagger Christina Aguilera
30%
Ce DJ a crée le son Fade qui cumule plus de 3 milliards de vues Alan Walker
12%
Actrice de la série Violetta, elle enregistre l'album Miénteme avec Coldplay Martina Stoessel
12%
Ce français chante Bla bla bla en 2010 Philippe Katerine
10%
"Spider Murphy played the tenor saxophone Little Joe was blowin' on the slide trombone" Elvis Presley
4%
Aucun quiz correspondant
Distribution des résultats
% des personnes avec chaque résultat
Percentile par nombre de réponses
Votre historique - résultats
Vous n’avez pas pris ce quiz